Mythologie Grecque : Associations - Statistiques

Statistiques générales
  • Ce quiz a été pris 459 fois
  • Le résultat moyen est 15 sur 21
Statistiques - réponses
Hint Réponse % Correct
Hélios Le Soleil
94%
Poséidon L'Océan
94%
Zeus Roi des Dieux
94%
Gaïa La Terre
92%
Hermès Messager des Dieux
92%
Chronos Le Temps
91%
Dionysos Le Vin
91%
Artémis La Chasse
90%
Héphaïstos La Métallurgie
87%
Perséphone Reine des Enfers
83%
Hestia Le Foyer Familial
81%
Charon Passeur des Âmes
79%
Asclépios La Médecine
72%
Nyx La Nuit
72%
Hécate La Magie Noire
58%
Hébé La Jeunesse
50%
Éris La Discorde
49%
Érèbe Les Ténèbres
46%
Illithye L'Accouchement
37%
Alecto Punit les Crimes de Colère
36%
Héra La Vengeance
25%
Aucun quiz correspondant
Distribution des résultats
% des personnes avec chaque résultat
Percentile par nombre de réponses
Votre historique - résultats
Vous n’avez pas pris ce quiz